00593nam a2200181 a 4500001001000000003000400010005001700014008004100031020001800072040002500090100003000115245004300145260009200188300002100280500004300301500002500344534004200369000035604OSt20200930074451.0111105s2009 bl 000 0 spa d a9788531210563 aDO-SdBNPbspacBNPHU1 aMaranhao, Salgado,d1953-10aA cor da palavra /cSalgado Maranhao,. aRio de Janeiro, Brasil :bMinistério da Cultura. Fundacao BIblioteca Nacional,c2009. a421 p. ;c21 cm. aIncluye datos biográficos del autor. aLibro de pasta dura. aTítulo original :bA cor da palavra